Home buying and selling market study (Record no. 110257)
[ view plain ]
| 000 -LEADER | |
|---|---|
| fixed length control field | 01529cad a22002415a 4500 |
| 001 - CONTROL NUMBER | |
| control field | L148838 |
| 008 - FIXED-LENGTH DATA ELEMENTS--GENERAL INFORMATION | |
| fixed length control field | 091116s2009 xxkd f s 000 0 eng d |
| 035 ## - SYSTEM CONTROL NUMBER | |
| System control number | (Sirsi) u148838 |
| 041 0# - LANGUAGE CODE | |
| Language code of text/sound track or separate title | eng |
| 050 04 - LIBRARY OF CONGRESS CALL NUMBER | |
| Classification number | 338.47624 $2 22 |
| 110 2# - MAIN ENTRY--CORPORATE NAME | |
| Corporate name or jurisdiction name as entry element | Office of Fair Trading |
| 9 (RLIN) | 1355 |
| 245 00 - TITLE STATEMENT | |
| Title | Home buying and selling market study |
| Remainder of title | survey of local authority Trading Standards Services |
| Medium | [electronic resource] |
| 260 ## - PUBLICATION, DISTRIBUTION, ETC. | |
| Place of publication, distribution, etc. | London |
| Name of publisher, distributor, etc. | OFT |
| Date of publication, distribution, etc. | 2009 |
| 490 #0 - SERIES STATEMENT | |
| Series statement | OFT |
| Volume/sequential designation | OFT1140c |
| 505 2# - FORMATTED CONTENTS NOTE | |
| Formatted contents note | Executive summary -- Methodology -- Results -- Qualitative responses -- Annexe 1: Supplementary tables -- Annexe 2: Survey questionnaire |
| 520 ## - SUMMARY, ETC. | |
| Summary, etc. | Presents results of Office of Fair Trading's survey of local authority trading standards services. This survey sought to find information on the nature of complaints, investigations and enforcement measures taken by the authorities. Part of the OFT's Market Study of Home Buying and Selling, this survey finds that 24% of estate agents were not complying with relevant regulations. Most complaints were related to accusations of non-respect of consumer protection law (see also L146790). |
| 521 ## - TARGET AUDIENCE NOTE | |
| Target audience note | Advanced |
| 590 ## - LOCAL NOTE (RLIN) | |
| Local note | KA NTK |
| 651 #4 - SUBJECT ADDED ENTRY--GEOGRAPHIC NAME | |
| Geographic name | United Kingdom |
| Chronological subdivision | |
| 690 ## - LOCAL SUBJECT ADDED ENTRY--TOPICAL TERM (OCLC, RLIN) | |
| Topical term or geographic name as entry element | PROPERTY-RESIDENTIAL PROPERTY-ACQUISITION AND DISPOSAL OF RESIDENTIAL PROPERTY |
| 856 40 - ELECTRONIC LOCATION AND ACCESS | |
| Uniform Resource Identifier | <a href="https://webarchive.nationalarchives.gov.uk/20100402131720tf_/http://www.oft.gov.uk/advice_and_resources/resource_base/market-studies/current/buyingandselling">https://webarchive.nationalarchives.gov.uk/20100402131720tf_/http://www.oft.gov.uk/advice_and_resources/resource_base/market-studies/current/buyingandselling</a> |
| Public note | View the item free of charge at www.oft.gov.uk... |
| 942 ## - ADDED ENTRY ELEMENTS (KOHA) | |
| Suppress in OPAC | 0 |
| Withdrawn status | Lost status | Source of classification or shelving scheme | Damaged status | Not for loan | Home library | Current library | Shelving location | Date acquired | Total Checkouts | Full call number | Barcode | Date last seen | Copy number | Price effective from | Koha item type |
|---|---|---|---|---|---|---|---|---|---|---|---|---|---|---|---|
| Dewey Decimal Classification | Virtual | Virtual | Online | 16/11/2009 | ONLINE PUBLICATION | 148838-2001 | 06/08/2019 | 1 | 06/08/2019 | Book |